000 01032nam a22002897a 4500
001 13944
003 CO-MdFUSB
005 20190202100515.0
008 170310t1978 xx ||||| |||| 00| 0 eng d
020 _a0-8006-0529-2
040 _aCO-MdFUSB
_bspa
_cCO-MdFUSB
_dCO-MdFUSBC
_erda
041 0 _aeng
082 0 4 _aG 201.1 E156s
100 1 _aEbeling, Gerhard (1912-)
_eautor
245 3 _aThe study of theology
_c / Gerhard Ebeling ; Duane A. Priebe, Traductor
_b:
264 4 _aPhiladelphia, Penn. :
_b Fortress,
_c©1978
300 _a196 Pág.
_b:
_c;
336 _2rdacontent
_a1
_ba1
337 _2rdamedia
_a2
_b5
338 _2rdacarrier
_a2
_b5
501 _aPasta dura
505 0 0 _aIntroducción al estudio de teología - El estudio de la Biblia - El estudio de religión - Filosofía - La historia de la iglesia - Teología práctica - Dogmática - Ética
630 7 _aBiblia.
_pAntiguo Testamento
_xTeología
630 7 _aBiblia.
_pNuevo Testamento
_xTeología
650 0 _aTeología práctica
_9180
942 _cBK
999 _c42873
_d42873